Bibliografia ... publikačná činnosť pracovníkov Filozofickej fakulty Univerzity Komenského za rok ...
| Other Authors: | |
|---|---|
| Format: | Serial |
| Language: | Slovak |
| PhysicalDescription: | 9 zv. 21 cm |
| Published: |
Bratislava
Filozofická fakulta Univerzity Komenského, Ústredná knižnica
1996-2004
|
| ISBN: | 808898274X (brož. : r. 2002) 8088982855 (brož. : r. 2003) 8089236022 (brož. : r. 2004) |
| Subjects: |
MARC
| LEADER | 00000cas a2200000 a 4500 | ||
|---|---|---|---|
| 001 | vtls001481427 | ||
| 003 | SK-MaSNL | ||
| 005 | 20260425194106.0 | ||
| 008 | 040908d19962004xo ar b 0 0b0slo | ||
| 015 | |a SNBB2007/03-01057 (r. 2002) |a SNBB2007/03-01058 (r. 2003) |a SNBB2007/03-01059 (r. 2004) | ||
| 020 | |a 808898274X (brož. : r. 2002) | ||
| 020 | |a 8088982855 (brož. : r. 2003) | ||
| 020 | |a 8089236022 (brož. : r. 2004) | ||
| 035 | |a SNK000436724 | ||
| 040 | |a SNK |b slo |c SNK |e AACR2 | ||
| 041 | 0 | |a slo | |
| 043 | |a e-xo--- | ||
| 044 | |a xo |c SK | ||
| 072 | 7 | |a 01 |x Bibliografia. Katalógy |2 konspekt | |
| 072 | 7 | |a 378 |x Vysoké školy |2 konspekt | |
| 080 | |a 808.1/.2 |2 2011 | ||
| 080 | |a (01) |2 2011 | ||
| 080 | |a 378.4 |2 2011 | ||
| 080 | |a 101 |2 2011 | ||
| 080 | |a 655.58/.59 |2 2011 | ||
| 080 | |a (437.6) |2 2011 | ||
| 080 | |a (058) |2 2011 | ||
| 080 | |a 050 |2 2011 | ||
| 245 | 0 | 0 | |a Bibliografia ... |b publikačná činnosť pracovníkov Filozofickej fakulty Univerzity Komenského za rok ... |
| 260 | |a Bratislava |b Filozofická fakulta Univerzity Komenského, Ústredná knižnica |c 1996-2004 | ||
| 300 | |a 9 zv. |c 21 cm | ||
| 310 | |a 1x ročne | ||
| 362 | |a 1996-2004 | ||
| 500 | |a Súčasťou názvu je označenie bežného roku | ||
| 500 | |a Popis podľa: R. 2002 (vydané v r. 2003) | ||
| 500 | |a Číslo ISBN uvedené na dokumente patrí vydavateľstvu STIMUL | ||
| 500 | |a Zost.: Eva Petrovičová | ||
| 504 | |a Menný reg.; Reg. kategórii publikačnej činnosti | ||
| 610 | 2 | 7 | |a Univerzita Komenského v Bratislave. |b Filozofická fakulta |2 SNKKA |
| 650 | 0 | 7 | |a univerzity |2 SNKPH |9 22152 |
| 650 | 0 | 7 | |a filozofia |2 SNKPH |9 793 |
| 650 | 0 | 7 | |a publikačná činnosť |2 SNKPH |9 66957 |
| 651 | 7 | |a Bratislava (Slovensko) |2 SNKPH |9 14568 | |
| 655 | 7 | |a bibliografie |2 SNKPH |9 28668 | |
| 655 | 7 | |a ročenky |2 SNKPH |9 57146 | |
| 700 | 1 | |a Petrovičová, Eva, |d 1947-XX |4 com |9 37872 | |
| 910 | |a snk | ||
| 919 | |a 80-88982-74-X | ||
| 919 | |a 80-88982-85-5 | ||
| 919 | |a 80-89236-02-2 | ||
| 999 | |c 3758 |d 5688 | ||
| 952 | |a SNK |b SNK |y PREZ |7 0 |p 17A0477642 |o snkČSD 2069/2003 |i snk2005/19139 |8 0 |0 0 |1 0 |4 0 |d 2005-11-11 |l 0 |r 2026-02-21 19:30:33 |w 2026-02-21 | ||
| 952 | |a SNK |b SNK |y PREZ |7 0 |p 17A0477643 |o snkČSD 2069/2003 D1 |i snk2005/19140 |8 0 |0 0 |1 0 |4 0 |d 2005-11-11 |l 0 |r 2026-02-21 19:30:33 |w 2026-02-21 | ||
| 952 | |a SNK |b SNK |y PREZ |7 0 |p 17A0236426 |o snkČSD 2069/1998 |i snkKSP 4198/2000 |0 0 |1 0 |4 0 |d 2000-04-25 |l 0 |r 2005-01-02 00:00:00 |w 2026-02-21 | ||
| 952 | |a SNK |b SNK |y PREZ |7 0 |p 17A0236427 |o snkČSD 2069/1998 D1 |i snkKSP 4199/2000 |0 0 |1 0 |4 0 |d 2000-04-25 |l 0 |r 2005-01-02 00:00:00 |w 2026-02-21 | ||
| 952 | |a SNK |b SNK |y PREZ |7 0 |p 17A0502118 |o snkČSD 2069/2004 |i snk2006/9030 |8 0 |0 0 |1 0 |4 0 |d 2006-05-03 |l 0 |r 2026-02-21 19:52:11 |w 2026-02-21 | ||
| 952 | |a SNK |b SNK |y PREZ |7 0 |p 17A0502119 |o snkČSD 2069/2004 D1 |i snk2006/9031 |8 0 |0 0 |1 0 |4 0 |d 2006-05-03 |l 0 |r 2026-02-21 19:52:12 |w 2026-02-21 | ||
| 952 | |a SNK |b SNK |y PREZ |7 0 |p 17A0300985 |o snkČSD 2069/1999 |i snkKSP 6016/2001 |0 0 |1 0 |4 0 |d 2001-05-14 |l 0 |r 2005-01-02 00:00:00 |w 2026-02-21 | ||
| 952 | |a SNK |b SNK |y PREZ |7 0 |p 17A0300984 |o snkČSD 2069/1999 D1 |i snkKSP 6017/2001 |0 0 |1 0 |4 0 |d 2001-05-14 |l 0 |r 2005-01-02 00:00:00 |w 2026-02-21 | ||
| 952 | |a SNK |b SNK |y PREZ |7 0 |p 17A0127044 |o snkČSD 2069/1996 |i snkKSP 1171/98 |0 0 |1 0 |4 0 |d 1998-02-09 |l 0 |r 2005-01-02 00:00:00 |w 2026-02-21 | ||
| 952 | |a SNK |b SNK |y PREZ |7 0 |p 17A0122119 |o snkČSD 2069/1996 D1 |i snkKSP 1172/98 |0 0 |1 0 |4 0 |d 1998-02-09 |l 0 |r 2005-01-02 00:00:00 |w 2026-02-21 | ||
| 952 | |a SNK |b SNK |y PREZ |7 0 |p 17A0431539 |o snkČSD 2069/2002 D1 |i snkPV 1190/2004 |0 0 |1 0 |4 0 |d 2004-09-08 |l 0 |r 2005-01-02 00:00:00 |w 2026-02-21 | ||
| 952 | |a SNK |b SNK |y PREZ |7 0 |p 17A0342098 |o snkČSD 2069/2000 |i snkKSP 4766/2002 |0 0 |1 0 |4 0 |d 2002-04-26 |l 0 |r 2005-01-02 00:00:00 |w 2026-02-21 | ||
| 952 | |a SNK |b SNK |y PREZ |7 0 |p 17A0342099 |o snkČSD 2069/2000 D1 |i snkKSP 4767/2002 |0 0 |1 0 |4 0 |d 2002-04-26 |l 0 |r 2005-01-02 00:00:00 |w 2026-02-21 | ||
| 952 | |a SNK |b SNK |y PREZ |7 0 |p 17A0431538 |o snkČSD 2069/2002 |i snkPV 1189/2004 |0 0 |1 0 |4 0 |d 2004-09-08 |l 0 |r 2005-01-02 00:00:00 |w 2026-02-21 | ||
| 952 | |a SNK |b SNK |y PREZ |7 0 |p 17A0190281 |o snkČSD 2069/1997 |i snkKSP 2584/99 |0 0 |1 0 |4 0 |d 1999-03-11 |l 0 |r 2005-01-02 00:00:00 |w 2026-02-21 | ||
| 952 | |a SNK |b SNK |y PREZ |7 0 |p 17A0185807 |o snkČSD 2069/1997 D1 |i snkKSP 2585/99 |0 0 |1 0 |4 0 |d 1999-03-11 |l 0 |r 2005-01-02 00:00:00 |w 2026-02-21 | ||
| 952 | |a SNK |b SNK |y NEVYP |7 0 |o snkC 289 |i snk561/990413 |0 0 |1 0 |4 0 |d 1999-04-12 |l 0 |r 2005-01-02 00:00:00 |w 2026-02-21 | ||
| 952 | |a SNK |b SNK |y PREZ |7 0 |p 17A0375817 |o snkČSD 2069/2001 |i snkKSP 2875/2003 |0 0 |1 0 |4 0 |d 2003-02-25 |l 0 |r 2005-01-02 00:00:00 |w 2026-02-21 | ||
| 952 | |a SNK |b SNK |y PREZ |7 0 |p 17A0375818 |o snkČSD 2069/2001 D1 |i snkKSP 2876/2003 |0 0 |1 0 |4 0 |d 2003-02-25 |l 0 |r 2005-01-02 00:00:00 |w 2026-02-21 | ||


